Logo CIB grande

INTERFERENCE SUPPRESSION TECHNIQUES FOR MICROWAVE ANTENNAS AND TRANSMITTERS (Registro nro. 204974)

Detalles MARC
000 -LEADER
campo de control de longitud fija 00490nam a2200193Ia 4500
005 - FECHA Y HORA DE LA ÚLTIMA TRANSACCIÓN
campo de control 20250425161226.0
008 - DATOS DE LONGITUD FIJA--INFORMACIÓN GENERAL
campo de control de longitud fija 250425s9999 xx 000 0 und d
020 ## - NÚMERO INTERNACIONAL ESTÁNDAR DEL LIBRO
Número Internacional Estándar del Libro 0890061106
041 ## - CÓDIGO DE IDIOMA
Código de lengua del texto/banda sonora o título independiente eng
082 ## - NÚMERO DE LA CLASIFICACIÓN DECIMAL DEWEY
Número de clasificación 621.38483
010 ## - NÚMERO DE CONTROL DE LA BIBLIOTECA DEL CONGRESO
Número de control de LC 15609
100 ## - ENTRADA PRINCIPAL--NOMBRE DE PERSONA
Nombre de persona FREEMAN, ERNEST R.
245 #0 - MENCIÓN DEL TÍTULO
Título INTERFERENCE SUPPRESSION TECHNIQUES FOR MICROWAVE ANTENNAS AND TRANSMITTERS
250 ## - MENCION DE EDICION
Mención de edición 1ST ED.
260 ## - PUBLICACIÓN, DISTRIBUCIÓN, ETC.
Lugar de publicación, distribución, etc. Estados Unidos
Nombre del editor, distribuidor, etc. ARTECH
Fecha de publicación, distribución, etc. 1982
260 ## - PUBLICACIÓN, DISTRIBUCIÓN, ETC.
Lugar de publicación, distribución, etc. S.L.
300 ## - DESCRIPCIÓN FÍSICA
Extensión 230
942 ## - ELEMENTOS DE ENTRADA SECUNDARIOS (KOHA)
Tipo de ítem Koha Libros
Existencias
Estatus retirado Estado de pérdida Estado de daño No para préstamo Biblioteca de origen Biblioteca actual Ubicación en estantería Fecha de adquisición Coste, precio normal de compra Total de préstamos Código de barras Copia número Tipo de ítem Koha
        CENTRO DE INFORMACIÓN BIBLIOTECARIA CENTRO DE INFORMACIÓN BIBLIOTECARIA   26/06/1998 0.01   21861 1 Libros

Copyright 2025 ESPOL. Todos los derechos reservados.